000 00683 a2200205 4500
003 Nust
005 20221202130035.0
010 _a 79040655
020 _a0070845336 :
040 _cNust
082 0 0 _a621.381528,FIN
100 1 _aFinney, David.
_9104018
245 1 4 _aThe power thyristor and its applications /
_cDavid Finney.
260 _aLondon ;
_aNew York :
_bMcGraw-Hill Book Co.,
_cc1980.
300 _axii, 357 p. :
_bill. ;
_c26 cm.
505 _aThe Thyristor And Its Use (Page-1), Thyristor Applications (Page-181), Measurement And Testing With Thyristors (Page-327).
650 0 _aPower electronics.
650 0 _aTelecommunication Engineering
942 _2ddc
_cBK
999 _c182335
_d182335